00821cam a2200277 a 45000010005000000030006000050050017000110080041000280100017000690200015000860400023001010420009001240500021001330820014001541000019001682450062001872600039002493000046002884400030003345050007003645200084003715210021004555210018004766510039004946510010005331822FISKH20231004093138.0910314s1991 ilua j 001 0 eng  a 91003142  a0516049178 aDLCcDLCdDLCbeng alcac00aQB588b.F68 199100a523.32201 aFowler, Allan.10aSo that's how the moon changes shape! /cby Allan Fowler. aChicago :bChildrens Press,c1991. a31 pages :bcolor illustrations ;c19 cm. 0aRookie read-about science aM  aA simple explanation of the moon and why it changes shape throughout the month.8 a550 bLexile AD 8 aM bRaz-Plus  0aMoonxPhasesxJuvenile literature. 1aMoon.